Poverty Reduction and Growth Trust : 2016 Borrowing Agreements with Danmarks Nationalbank, the Norwegian Ministry of Finance Representing the Kingdom of Norway, and the Sveriges Riksbank.

The Fund, as Trustee of the Poverty Reduction and Growth Trust (PRGT or Trust),entered into an amendment of the 2010 borrowing agreement with Danmarks Nationalbank, and new borrowing agreements with the Norwegian Ministry of Finance representing the Kingdom of Norway and the Sveriges Riksbank (herea...

Descripció completa

Dades bibliogràfiques
Autor corporatiu: International Monetary Fund
Format: Revista
Idioma:English
Publicat: Washington, D.C. : International Monetary Fund, 2016.
Col·lecció:Policy Papers; Policy Paper ; No. 2016/067
Accés en línia:Full text available on IMF
LEADER 01941cas a2200241 a 4500
001 AALejournalIMF020656
008 230101c9999 xx r poo 0 0eng d
020 |c 5.00 USD 
020 |z 9781498345002 
022 |a 2663-3493 
040 |a BD-DhAAL  |c BD-DhAAL 
110 2 |a International Monetary Fund. 
245 1 0 |a Poverty Reduction and Growth Trust :   |b 2016 Borrowing Agreements with Danmarks Nationalbank, the Norwegian Ministry of Finance Representing the Kingdom of Norway, and the Sveriges Riksbank. 
264 1 |a Washington, D.C. :  |b International Monetary Fund,  |c 2016. 
300 |a 1 online resource (13 pages) 
490 1 |a Policy Papers 
500 |a <strong>Off-Campus Access:</strong> No User ID or Password Required 
500 |a <strong>On-Campus Access:</strong> No User ID or Password Required 
506 |a Electronic access restricted to authorized BRAC University faculty, staff and students 
520 3 |a The Fund, as Trustee of the Poverty Reduction and Growth Trust (PRGT or Trust),entered into an amendment of the 2010 borrowing agreement with Danmarks Nationalbank, and new borrowing agreements with the Norwegian Ministry of Finance representing the Kingdom of Norway and the Sveriges Riksbank (hereafter Denmark, Norway, and Sweden, respectively), by which the counterparties will provide new resources to the Loan Accounts of the PRGT in the total amount of SDR 1.1 billion (see attachments). The augmentation under the amendment and the two new agreements are the first three loan contributions to be concluded in the context of the current Board-endorsed effort to raise SDR 11 billion in new PRGT loan resources. These amendment and new agreements became effective on November 17, 2016. 
538 |a Mode of access: Internet 
830 0 |a Policy Papers; Policy Paper ;  |v No. 2016/067 
856 4 0 |z Full text available on IMF  |u http://elibrary.imf.org/view/journals/007/2016/067/007.2016.issue-067-en.xml  |z IMF e-Library